Loading...

Premji muthal M T vare

Bibliographic Details
Main Author: Menon, P A
Format: Printed Book
Published: 1993
LEADER 003240000a22001090004500
040 |a MAL 
082 |a 928 32 N3 
100 |a Menon, P A 
245 |a Premji muthal M T vare 
260 |c 1993 
999 |c 26587  |d 26587 
952 |0 0  |1 0  |4 0  |6 928_320000000000000_N3  |7 0  |8 MAL  |9 26423  |a MGUL  |b MGUL  |d 2013-07-16  |l 0  |o 928 32 N3  |p 19417  |r 2013-07-16  |w 2013-07-16  |y BK